00474nam a2200193Ia 4500008004100000041001200041082001900053100001800072245003100090260002700121300000800148365000800156520001400164546001200178630003100190650001400221655001400235730003100249101110s9999 xx 000 0 und d aENGLISH bSR26292a539.7 aKulkarni V.W. aAtomic and nuclear physics c2004bHimalaya, Mumbai a774 b900 aChemistry aENGLISH aAtomic and nuclear physics aChemistry aChemistry aAtomic and nuclear physics